000 00427nam a22001817a 4500
003 MPLRDC
005 20220104123920.0
008 210129b ||||| |||| 00| 0 eng d
082 _a782.82 WWD
100 _a王文德 编著
245 _a中国豪杰列传
_c
250 _a初版
260 _a
_b世大书局
_c1985
300 _b
490 _a汉声系列. 4
650 _a中国传记
942 _cBK
_o782.82 WWD
999 _c15201
_d15191